000 00440cam a22001337a 4500
008 180718b1970 xxu||||| |||| 00| 0 eng d
082 _aT3942x54 In2/CATG/1968
100 _aTariff Commission
245 _aReport on the price structure of catguts, Bombay, 1968
_cby Tariff Commission, India
260 _aDelhi
_bThe Manager of Publications
_c1970
300 _a80+p.
500 _aChairman: B.N Banerji
700 _aBanerji, B.N. (Chairman)
999 _c489830
_d489830